|
|
|
|
| LEADER |
00998nam a22002297a 4500 |
| 001 |
AAL9701 |
| 003 |
BD-DhAAL |
| 005 |
20180710112454.0 |
| 008 |
180710s2005 B ||||| |||| 00| 0 en d |
| 999 |
|
|
|c 39640
|d 39640
|
| 020 |
|
|
|a 9844018609
|
| 040 |
|
|
|a BD-DhAAL
|c BD-DhAAL
|
| 082 |
|
|
|a 320.95492
|
| 100 |
|
|
|a কুদ্দুছ, গোলাম
|9 26843
|
| 245 |
|
|
|a সাম্প্রতিক রাজনীতি সংস্কৃতি ও অন্যান্য প্রসঙ্গ /
|c গোলাম কুদ্দুছ
|
| 260 |
|
|
|a ঢাকা :
|b আগামী প্রকাশনী,
|c ২০০৫
|
| 300 |
|
|
|a ৮৮ পৃ.
|c ২২ সে.মি.
|
| 541 |
|
|
|e 9701
|
| 650 |
|
|
|a Political culture
|z Bangladesh
|9 26844
|
| 852 |
|
|
|a Savar Campus Library
|c General Shelf
|
| 942 |
|
|
|2 ddc
|c BK
|
| 952 |
|
|
|0 0
|1 0
|2 ddc
|4 0
|6 320_954920000000000_KUD
|7 0
|9 63671
|a SCL
|b SCL
|c GEN
|d 2018-07-10
|e Development Book Agency
|g 162.00
|l 0
|o 320.95492 KUD
|p 3020009701
|r 2018-07-10
|t 1
|w 2018-07-10
|y BK
|